| 000 | 00416nam a2200145Ia 4500 | ||
|---|---|---|---|
| 008 | 210210b1981 xxu||||| |||| 00| 0 eng d | ||
| 082 | _a343.07 DASG | ||
| 100 | _aDASGUPTA (A) & SENGUPTA (N K). | ||
| 245 | _aGovernment & business in India. | ||
| 260 |
_aCalcutta _bAllied book agency _c1981 |
||
| 300 | _axii,411 | ||
| 650 | _aGovernment & business Business & Government | ||
| 690 | _aPublic La | ||
| 906 | _a03668 | ||
| 999 |
_c86964 _d86964 |
||